000
00170 a2200097 4500
020
_a
9780785130253
041
_a
spa
100
_a
Marvel
245
_a
X- Men
942
_c
BK
999
_c
12716
_d
12716